| 000 | 00942nam a22002297a 4500 | ||
|---|---|---|---|
| 008 | 081201t xxu||||| |||| 00| 0 eng d | ||
| 010 | _aENG-91921 | ||
| 020 |
_a9788172734619 _c400.00 |
||
| 035 | _aEN-75454 | ||
| 037 | _bDBAD / PUB | ||
| 040 |
_adpl _bEnglish |
||
| 082 | _a370.72 | ||
| 100 | _aShastri, V.K. | ||
| 245 |
_aResearch methodology in education: _cby V.K. Shastri _b(strictly on the basis of precribed syllabus with modern trends) / |
||
| 260 |
_aDelhi _bAuthorspress _c2008 |
||
| 270 |
_aE-35/103, Jawahar Park, Laxmi Nagar, _bDelhi _e110092 |
||
| 300 |
_ax, 187p. _c23cm (Hb) |
||
| 500 | _aIncluses bibliographical references and index | ||
| 650 |
_aEducation _xResearch _xMethodology. |
||
| 942 |
_2ddc _cEN _mSHA _h370.72 |
||
| 999 |
_c19319 _d19319 |
||